[Event "GER Cup Net V1 U2000"]
[Site "Playchess.com INT"]
[Date "2020.05.19"]
[Round "1"]
[White "Bendrich, Thorsten"]
[Black "Kosovska, Olena"]
[Result "1-0"]
[WhiteElo "1674"]
[BlackElo "1827"]
[PlyCount "91"]
[EventDate "2020.05.19"]
[EventType "swiss (blitz)"]
[EventRounds "9"]
[EventCountry "GER"]
[SourceTitle "EXT 2021"]
[Source "ChessBase"]
[SourceDate "2020.10.23"]
[SourceVersion "1"]
[SourceVersionDate "2020.10.23"]
[SourceQuality "1"]

1. Nc3 g6 2. e4 Bg7 3. f4 d6 4. Nf3 c5 5. Bc4 Nf6 6. d3 0-0 7. 0-0 Nc6 8. Be3 Na5 9. Bb3 Nxb3 10. axb3 Bd7 11. Qe1 b5 12. Qg3 Nh5 13. Qh4 b4 14. Ne2 Bxb2 15. Rab1 Bg7 16. g4 Nf6 17. e5 Nd5 18. Bd2 a5 19. Ng5 h6 20. Ne4 dxe5 21. fxe5 e6 22. Nf6+ Nxf6 23. exf6 Bh8 24. Bxh6 Bc6 25. Bxf8 Qd5 26. Qg3 Rxf8 27. h4 Qh1+ 28. Kf2 Qd5 29. g5 e5 30. Ke1 e4 31. Nf4 Qd4 32. Qf2 Qe5 33. Ne2 exd3 34. cxd3 Re8 35. Kd2 Qd5 36. Rfe1 Bb5 37. Nf4 Qd6 38. Rxe8+ Kh7 39. Qe3 a4 40. Re1 axb3 41. Rxh8+ Kxh8 42. Qe7 Qxf4+ 43. Re3 Qh2+ 44. Re2 Qxh4 45. Qf8+ Kh7 46. Qg7# 1-0

[Event "GER Cup Net V1 U2000"]
[Site "Playchess.com INT"]
[Date "2020.05.19"]
[Round "2"]
[White "Engel, Frank"]
[Black "Bendrich, Thorsten"]
[Result "1-0"]
[WhiteElo "1815"]
[BlackElo "1674"]
[PlyCount "77"]
[EventDate "2020.05.19"]
[EventType "swiss (blitz)"]
[EventRounds "9"]
[EventCountry "GER"]
[SourceTitle "EXT 2021"]
[Source "ChessBase"]
[SourceDate "2020.10.23"]
[SourceVersion "1"]
[SourceVersionDate "2020.10.23"]
[SourceQuality "1"]

1. e4 c5 2. Nf3 Nc6 3. d4 cxd4 4. Nxd4 e5 5. Nb5 a6 6. Nd6+ Bxd6 7. Qxd6 Qf6 8. Qxf6 Nxf6 9. Bd3 Nb4 10. Nc3 Nxd3+ 11. cxd3 d6 12. Bg5 Be6 13. Bxf6 gxf6 14. Kd2 f5 15. b3 fxe4 16. dxe4 Ke7 17. Rac1 Rac8 18. Kd3 Kd7 19. g3 Rc7 20. Nd5 Bxd5 21. Rxc7+ Kxc7 22. exd5 Kd7 23. Rc1 Rc8 24. Rxc8 Kxc8 25. Ke4 Kd7 26. Kf5 Ke7 27. g4 f6 28. h4 Kf7 29. g5 fxg5 30. Kxg5 Kg7 31. h5 h6+ 32. Kf5 Kf7 33. a3 Ke7 34. Kg6 b6 35. b4 b5 36. f3 Kf8 37. Kf6 Ke8 38. Ke6 e4 39. fxe4 1-0

[Event "GER-ch Net Amateur Gr-B Vor3"]
[Site "Playchess.com INT"]
[Date "2020.04.16"]
[Round "6"]
[White "Brkic, Tomislav"]
[Black "Bendrich, Thorsten"]
[Result "0-1"]
[WhiteElo "1457"]
[BlackElo "1590"]
[PlyCount "70"]
[EventDate "2020.04.16"]
[EventType "swiss (blitz)"]
[EventRounds "9"]
[EventCountry "GER"]
[SourceTitle "CBM 195 Extra"]
[Source "ChessBase"]
[SourceDate "2020.05.31"]
[SourceVersion "1"]
[SourceVersionDate "2020.05.31"]
[SourceQuality "1"]

1. d4 d5 2. Bf4 e6 3. Nf3 Nf6 4. e3 c6 5. Bd3 Bd6 6. Bg3 Bxg3 7. hxg3 h6 8. c3 Nbd7 9. Nbd2 Qc7 10. Qc2 e5 11. e4 exd4 12. Nxd4 Nc5 13. 0-0-0 0-0 14. exd5 Nxd3+ 15. Qxd3 Nxd5 16. Qf3 Bd7 17. Nf5 Bxf5 18. Qxf5 Nf6 19. g4 Qd7 20. Qxd7 Nxd7 21. g5 hxg5 22. Ne4 Ne5 23. Nxg5 Rad8 24. Kc2 Ng4 25. Rxd8 Rxd8 26. f3 Ne3+ 27. Kb3 Nxg2 28. Ne4 Nf4 29. Rg1 Ne6 30. Nf6+ Kf8 31. Nh5 g6 32. Nf6 Ke7 33. Ne4 Rd3 34. Rf1 Nd4+ 35. Kc4 Rxf3 0-1